000 00516nam a2200169 i 4500
001 135443
003 ES-MaACL
005 20230906194903.0
007 t|
008 070718s1971 sp ||||1| spa d
080 _a250
100 1 _aTornos, Andrés.
_9110672
245 1 0 _aSociedad y teología
_b: ensayos sobre las condiciones objetivas del pensamiento cristiano /
_cAndrés Tornos.
260 _aBilbao :
_bDesclée de Brouwer,
_c1971.
300 _a195 p. ;
_c18 cm.
852 _aES-MaACL
_jC-41626
_bR.79974
999 _c135443
_d135443